| 000 | 00542nam a22002177a 4500 | ||
|---|---|---|---|
| 003 | UA-OsUOA | ||
| 001 | 52554 | ||
| 007 | ta | ||
| 008 | 20080221b un ||||| |||| 00| 0 ukr d | ||
| 100 | _aКерстинг Н. | ||
| 090 |
_a32 _bК-12 |
||
| 942 | _cSA | ||
| 040 |
_aUA-OsUOA _brus _cUA-OsUOA _dUA-OsUOA |
||
| 245 | _aЭлектронное голосование и демократия в Европе | ||
| 300 | _aС.123-166 | ||
| 955 | _a0 | ||
| 041 | _arus | ||
| 080 | _a32 | ||
| 773 | 0 | _w52553 | |
| 650 | 7 |
_a32 Політика _2UDC |
|
| 999 |
_c338642 _d338642 |
||